| 000 | 00624nam a2200217Ia 4500 | ||
|---|---|---|---|
| 005 | 20250923145409.0 | ||
| 008 | 008 250917s9999 xx 000 0 eng d | ||
| 037 | _aTextual | ||
| 040 |
_aDSWL _beng _cDSWL |
||
| 041 |
_aeng _2eng |
||
| 084 |
_aV2:2'N35<-Koo, N61 _qDSWL |
||
| 100 |
_aKeith,A.B. _9834868 |
||
| 245 | 0 |
_aConstitutional history of India 1600-1900 _c by A.B. Keith |
|
| 250 | _a2nd | ||
| 260 |
_aAllahabad _bCentral Book Depot. _c1961 |
||
| 300 | _axiv,581p. | ||
| 365 |
_aINR _b16 . 0 |
||
| 925 | _g16 . 0 | ||
| 942 |
_cTEXL _hV2:2'N35<-Koo, N61 |
||
| 999 |
_c1450861 _d1450861 |
||